Organismos electorales, transparencia y legitimidad democrática /
Enregistré dans:
| Auteur principal: | |
|---|---|
| Format: | Texte |
| Tags: |
Ajouter un tag
Pas de tags, Soyez le premier à ajouter un tag!
|
MARC
| LEADER | 00000 a a2200000 04500 | ||
|---|---|---|---|
| 001 | 47036 | ||
| 003 | |||
| 040 | |||
| 100 | |a Molina V., José Enrique | ||
| 245 | |a Organismos electorales, transparencia y legitimidad democrática / |c José Entique Molina V. | ||
| 773 | |g número19, (1997), páginas 11-22 : tabla | ||
| 999 | |c 20659 |d 20659 | ||
